LIBRARY & INFORMATION CENTRE, KCAET, TAVANUR

ONLINE PUBLIC ACCESS CATALOGUE (OPAC)

Gopika dukham / (Record no. 4934)

MARC details
000 -LEADER
fixed length control field 00402cam a2200157ua 4500
041 ## - LANGUAGE CODE
Language code of text/sound track or separate title mal
082 ## - DEWEY DECIMAL CLASSIFICATION NUMBER
Classification number 894.8121
Item number KAR/GO
100 ## - MAIN ENTRY--AUTHOR NAME
Personal name Karunakaran Nair, P .
245 ## - TITLE STATEMENT
Title Gopika dukham /
260 ## - PUBLICATION, DISTRIBUTION, ETC. (IMPRINT)
Place of publication Thiruvananthapuram :
Name of publisher Sudha Publications ,
Year of publication 1964.
300 ## - PHYSICAL DESCRIPTION
Number of Pages 111 ; .
942 ## - ADDED ENTRY ELEMENTS (KOHA)
Koha item type Books
Holdings
Withdrawn status Lost status Damaged status Home library Current library Date acquired Full call number Accession Number Koha item type
      KAUAET KAUAET 07/04/2012 894.8121 12090 Books
      KAUAET KAUAET 07/04/2012 894.8121 12089 Books
free website counter